LEADER 01209nam a2200277 u 4500 001 000000110732 003 CaOOAMICUS 005 20120926120040.0 008 080318s2002 it u000 u ita u 020 $a88-217-1560-4 040 $aPUL$bita$dBc 100 1 $aSciancalepore, Giovanni.$0(OLS)http://pul/name/66330 245 10$aTransessualismo e tutela della persona /$cGiovanni Sciancalepore, Pasquale Stanzione. 260 $a[S.l.] :$bIpsoa,$c2002. 300 $aix, 193 p. ;$c24 cm. 490 1 $aBiblioteca del diritto di famiglia 504 $aBibliografia in nota. 650 14$aSesso$xAspetti giuridici.$0(OLS)http://pul/subject/18080 700 1 $aStanzione, Pasquale.$0(OLS)http://pul/name/37178 830 0$aBiblioteca del diritto di famiglia (Ipsoa).$0(OLS)http://pul/title/164835 850 $aPUL 852 $aPUL$W1$xSL Diritto e Scienze Sociali 3$y79$m346. 4501 COLL 2.4$j126885$qDDC 21$B125597$CPULBib$Z2$F125597 $H106792n $82 941 1 $a9 996 $6020$a88-217-1560-4$9(OLS)http://pul/number/137572 996 $6245$aTransessualismo e tutela della persona$9(OLS)http://pul/title/139260 996 $6260$a[S.l.] :$bIpsoa$9(OLS)http://pul/publisher/77155 LEADER 01560nam a2200301 u 4500 001 000000080690 003 CaOOAMICUS 005 20120528154020.0 008 050120s2003 it u000 u eng u 035 $a11023142 040 $aPUL$bita 100 1 $aAsci, Donald P.$0(OLS)http://pul/name/53810 245 14$aThe conjugal act as personal act :$ba study of the catholic concept of the conjugal act in the light of christian anthropology /$cDonald P. Asci. 260 $aRomae :$b[s.n.],$c2003. 300 $a287 p.$c21 cm 500 $aIn testa al front.: "Pontificia Universitas Sanctae Crucis.Facultas Theologiae". 500 $aSul front.: "Thesis ad Doctoratum in Theologia totaliter edita". 502 $aThesis (Doct.) -- Pontificia Universitas Sanctae Crucis. Facultas Theologiae. 504 $aBibliografia : p. [277]-287. 650 4$aMatrimonio.$0(OLS)http://pul/subject/1360 650 4$aAmore coniugale.$0(OLS)http://pul/subject/19833 650 4$aProcreazione.$0(OLS)http://pul/subject/7240 710 2 $aPontificia Universitą della Santa Croce.$bFacoltą di teologia.$kTesi.$0(OLS)http://pul/name/81920 850 $aPUL 852 $aPUL$W1$xDP1 Tesi Pon. Univ. S. Croce$y43$m2003 B 1$j127553$nBK-PRI$qTesi$B103039$CPULBib$Z2$F103039 $H96954 $82 941 1 $a16 996 $6245$aThe conjugal act as personal act :$ba study of the catholic concept of the conjugal act in the light of christian anthropology$9(OLS)http://pul/title/105647 996 $6260$aRomae :$b[s.n.]$9(OLS)http://pul/publisher/48223